[Event "Wch U18 Girls"]
[Site "Montesilvano"]
[Date "2023.11.15"]
[Round "3"]
[White "Keerti, Shree Reddy"]
[Black "Stagno, Milena"]
[Result "1-0"]
[WhiteElo "1741"]
[BlackElo "1444"]
[PlyCount "91"]
[EventDate "2023.11.13"]
[EventType "swiss"]
[EventRounds "11"]
[EventCountry "ITA"]
[SourceTitle "CB48_2023"]
[SourceDate "2023.11.29"]
[SourceVersion "1"]
[SourceVersionDate "2023.11.29"]
[SourceQuality "1"]

1. e4 c5 2. Nf3 Nc6 3. d4 cxd4 4. Nxd4 g6 5. Nc3 Bg7 6. Be3 Nf6 7. Be2 0-0 8. Nb3 d6 9. 0-0 Be6 10. f4 Qd7 11. Qe1 Ng4 12. Bxg4 Bxg4 13. f5 gxf5 14. h3 Bxh3 15. gxh3 fxe4 16. Qh4 Kh8 17. Nxe4 Qe6 18. Rae1 Qg6+ 19. Kh1 d5 20. Ng5 Bxb2 21. Bd4+ Bxd4 22. Nxd4 f6 23. Nge6 Rg8 24. Rg1 Qf7 25. Nxc6 bxc6 26. Nd4 c5 27. Nf5 Rxg1+ 28. Rxg1 Rg8 29. Rxg8+ Qxg8 30. Nxe7 Qe6 31. Ng6+ Kg7 32. Qxh7+ Kxh7 33. Nf8+ Kh6 34. Nxe6 c4 35. Kg2 Kg6 36. Nf4+ Kf5 37. Nxd5 Ke5 38. Ne3 Kd4 39. Kf3 Kc3 40. h4 Kb4 41. h5 c3 42. h6 Ka3 43. h7 a5 44. h8Q a4 45. Nd1 Kxa2 46. Nxc3+ 1-0

[Event "Olympiad Women-44"]
[Site "Chennai"]
[Date "2022.07.29"]
[Round "1.3"]
[White "Stagno, Milena"]
[Black "Pavlidou, Ekaterini"]
[Result "0-1"]
[WhiteElo "1448"]
[BlackElo "2138"]
[PlyCount "81"]
[EventDate "2022.07.29"]
[EventType "team-swiss"]
[EventRounds "11"]
[EventCountry "IND"]
[SourceTitle "CBM 210"]
[Source "ChessBase"]
[SourceDate "2022.10.31"]
[SourceVersion "1"]
[SourceVersionDate "2022.10.31"]
[SourceQuality "1"]
[WhiteTeam "Malta (W)"]
[BlackTeam "Greece (W)"]
[WhiteTeamCountry "MLT"]
[BlackTeamCountry "GRE"]

1. e4 c5 2. c3 d5 3. exd5 Qxd5 4. d4 Nc6 5. Nf3 Bg4 6. Be2 cxd4 7. cxd4 e6 8. Nc3 Bb4 9. Bd2 Bxc3 10. bxc3 Nf6 11. 0-0 0-0 12. c4 Qe4 13. Be3 Rfd8 14. Qd2 Qg6 15. h3 Bxh3 16. Nh4 Qe4 17. Nf3 Qg4 18. Ne1 Qg6 19. Bd3 Bf5 20. Bxf5 Qxf5 21. Nf3 Ne4 22. Qb2 Rac8 23. Rac1 b6 24. Qb5 Qxb5 25. cxb5 Ne7 26. Ne5 Nd5 27. Nc6 Rd7 28. Nxa7 Rxc1 29. Rxc1 Nec3 30. Nc6 Ne2+ 31. Kf1 Nxc1 32. Bxc1 Nc3 33. Be3 Nxb5 34. Ne5 Ra7 35. Nc4 Nc3 36. Nxb6 Rxa2 37. Kg1 Nd1 38. Nc4 Rc2 39. Nd6 f5 40. Kf1 f4 41. Ke1 0-1

[Event "Wch FIDE Online U14 Girls Europe qual"]
[Site "Tornelo INT"]
[Date "2020.12.08"]
[Round "3"]
[White "Buri, Petra Zsuzsanna"]
[Black "Stagno, Milena"]
[Result "1-0"]
[WhiteElo "1475"]
[BlackElo "1371"]
[PlyCount "75"]
[EventDate "2020.12.07"]
[EventType "swiss (rapid)"]
[EventRounds "7"]
[EventCountry "ISS"]
[SourceTitle "EXT 2022"]
[Source "ChessBase"]
[SourceDate "2021.10.06"]
[SourceVersion "1"]
[SourceVersionDate "2021.10.06"]
[SourceQuality "1"]

1. e4 e5 2. Nf3 Nc6 3. d4 exd4 4. Nxd4 Nf6 5. Nc3 Bc5 6. Nb3 Bb6 7. Bd3 0-0 8. 0-0 d6 9. Bg5 Re8 10. Nd5 Ne5 11. Nxf6+ gxf6 12. Bh6 Ng4 13. Bf4 Kh8 14. Be2 Ne5 15. Nd4 Ng6 16. Be3 Rxe4 17. Bd3 Re8 18. Qh5 Rg8 19. Rfe1 Qd7 20. h3 Qd8 21. Bc4 Bxd4 22. Bxf7 Rg7 23. Bxg6 Bxe3 24. Rxe3 Rxg6 25. Rae1 Bd7 26. f4 c6 27. f5 Rg7 28. Re4 Qg8 29. R1e2 Rf8 30. Re7 Rxe7 31. Rxe7 Bc8 32. Rc7 a6 33. Qh6 Bxf5 34. Rxb7 Bg6 35. Rc7 Qd5 36. Qxf8+ Qg8 37. Qxf6+ Qg7 38. Qxg7# 1-0

[Event "Wch FIDE Online U14 Girls Europe qual"]
[Site "Tornelo INT"]
[Date "2020.12.07"]
[Round "2"]
[White "Stagno, Milena"]
[Black "Ivanova, Dilyana"]
[Result "1-0"]
[WhiteElo "1371"]
[BlackElo "1492"]
[PlyCount "137"]
[EventDate "2020.12.07"]
[EventType "swiss (rapid)"]
[EventRounds "7"]
[EventCountry "ISS"]
[SourceTitle "EXT 2022"]
[Source "ChessBase"]
[SourceDate "2021.10.06"]
[SourceVersion "1"]
[SourceVersionDate "2021.10.06"]
[SourceQuality "1"]

1. e4 c5 2. c3 d5 3. exd5 Qxd5 4. d4 Nc6 5. Nf3 e5 6. Nxe5 Nxe5 7. dxe5 Qxe5+ 8. Qe2 Qxe2+ 9. Bxe2 Bd7 10. 0-0 0-0-0 11. Be3 f5 12. a3 Kb8 13. b4 Rc8 14. Nd2 Nf6 15. Nb3 c4 16. Nc5 Bxc5 17. Bxc5 Ka8 18. a4 Ne4 19. Bd4 Rhg8 20. Rfd1 Be6 21. f3 Ng5 22. a5 g6 23. Be3 Nf7 24. Rd4 g5 25. h3 f4 26. Bf2 Rgd8 27. Rad1 Re8 28. Re4 Kb8 29. Rdd4 Bf5 30. Rxe8 Rxe8 31. Bxc4 Ne5 32. Bf1 Nc6 33. Rd1 a6 34. Bd3 Rd8 35. Be2 Re8 36. Kf1 Kc8 37. Rd5 Bc2 38. Rxg5 Ne5 39. Rg7 Nd3 40. Bxd3 Bxd3+ 41. Kg1 Re2 42. Rg8+ Kd7 43. Rg7+ Kc6 44. Rf7 Rc2 45. Bd4 Rc1+ 46. Kh2 Rd1 47. Rxf4 Kd5 48. Bb6 Kc6 49. Rd4 Rd2 50. Bd8 h6 51. Kg3 Rd1 52. Kf2 Bc2 53. Rxd1 Bxd1 54. Bf6 Kd5 55. g4 Kc4 56. f4 Bc2 57. Kg3 Be4 58. Kh4 Kd5 59. Kh5 Ke6 60. Bd4 Kf7 61. Kxh6 Bg2 62. h4 Bf3 63. g5 Bg4 64. g6+ Kg8 65. Kg5 Be6 66. h5 Bc4 67. h6 Bd5 68. h7+ Kf8 69. h8Q+ 1-0

[Event "Online Olym Div3 C"]
[Site "Chess.com INT"]
[Date "2020.08.09"]
[Round "8.5"]
[White "Stagno, Milena"]
[Black "De Rycke, Tyani"]
[Result "1/2-1/2"]
[WhiteElo "1486"]
[BlackElo "1924"]
[PlyCount "153"]
[EventDate "2020.08.07"]
[EventType "team-tourn (rapid)"]
[EventRounds "9"]
[EventCountry "USA"]
[SourceTitle "CBM 198"]
[Source "ChessBase"]
[SourceDate "2020.10.31"]
[SourceVersion "1"]
[SourceVersionDate "2020.10.31"]
[SourceQuality "1"]
[WhiteTeam "Malta"]
[BlackTeam "Belgium"]
[WhiteTeamCountry "MLT"]
[BlackTeamCountry "BEL"]

1. e4 c5 2. c3 d5 3. exd5 Qxd5 4. d4 Nc6 5. Nf3 Nf6 6. Be2 Bg4 7. 0-0 e6 8. Be3 cxd4 9. cxd4 Be7 10. Nc3 Qd7 11. Ne5 Nxe5 12. dxe5 Qxd1 13. Bxd1 Bxd1 14. exf6 Bxf6 15. Rfxd1 Ke7 16. Bc5+ Ke8 17. Nb5 Be5 18. Nd6+ Bxd6 19. Bxd6 f6 20. Ba3 Rd8 21. Rxd8+ Kxd8 22. Rd1+ Kc7 23. b3 e5 24. Kf1 Re8 25. Ke2 Re6 26. Bb2 Ra6 27. a3 Rb6 28. b4 a5 29. Bc3 Rc6 30. Rc1 axb4 31. axb4 Kd6 32. Rd1+ Ke6 33. Bd2 Rc4 34. Rc1 Re4+ 35. Kf3 Rd4 36. Be3 Rxb4 37. Rc7 e4+ 38. Kg3 g6 39. Rxh7 Rb3 40. Kf4 Rb4 41. f3 g5+ 42. Kg3 Rb3 43. Bc5 f5 44. Rh6+ Kd5 45. Be7 g4 46. Rd6+ Ke5 47. Rd2 gxf3 48. gxf3 Rxf3+ 49. Kg2 Rb3 50. Bd6+ Ke6 51. Bf4 b5 52. h4 b4 53. h5 Rf3 54. Bg3 f4 55. Be1 Re3 56. Bf2 f3+ 57. Kf1 Rb3 58. Rd1 e3 59. Re1 e2+ 60. Kg1 Rd3 61. Bc5 b3 62. Ba3 Rd1 63. Kf2 Rxe1 64. Kxe1 Kf5 65. Bc1 Kf6 66. Kf2 Kf5 67. Ke1 Kf6 68. h6 Kg6 69. Kf2 Kh7 70. Ke1 b2 71. Bxb2 Kxh6 72. Kf2 Kg5 73. Bc3 Kf4 74. Bd2+ Ke4 75. Kg3 Kd3 76. Be1 Ke3 77. Bf2+ 1/2-1/2

[Event "Online Olym Div3 C"]
[Site "Chess.com INT"]
[Date "2020.08.08"]
[Round "6.4"]
[White "Stagno, Milena"]
[Black "Chuersakul, Sarocha"]
[Result "0-1"]
[WhiteElo "1486"]
[BlackElo "1668"]
[PlyCount "60"]
[EventDate "2020.08.07"]
[EventType "team-tourn (rapid)"]
[EventRounds "9"]
[EventCountry "USA"]
[SourceTitle "CBM 198"]
[Source "ChessBase"]
[SourceDate "2020.10.31"]
[SourceVersion "1"]
[SourceVersionDate "2020.10.31"]
[SourceQuality "1"]
[WhiteTeam "Malta"]
[BlackTeam "Thailand"]
[WhiteTeamCountry "MLT"]
[BlackTeamCountry "THA"]

1. e4 c6 2. d4 d5 3. exd5 cxd5 4. c4 dxc4 5. Bxc4 e6 6. Nc3 Nf6 7. Nf3 Be7 8. 0-0 0-0 9. Be3 Nc6 10. Qd2 b6 11. Rfd1 Bb7 12. a3 Na5 13. Be2 Nb3 14. Qc2 Nxa1 15. Rxa1 Rc8 16. Qd3 Qc7 17. Rc1 Qb8 18. Ne5 Rfd8 19. Bg5 h6 20. Bh4 a6 21. Bf3 Bxf3 22. Qxf3 Qa8 23. Qf4 Qb7 24. Rd1 Rf8 25. Qf3 Qxf3 26. Nxf3 g5 27. Bg3 Rfd8 28. Be5 Ng4 29. Bg3 b5 30. b4 Rxc3 0-1

[Event "Online Olym Div3 C"]
[Site "Chess.com INT"]
[Date "2020.08.07"]
[Round "2.2"]
[White "Stagno, Milena"]
[Black "Saraci, Rinesa"]
[Result "0-1"]
[WhiteElo "1486"]
[BlackElo "1474"]
[PlyCount "60"]
[EventDate "2020.08.07"]
[EventType "team-tourn (rapid)"]
[EventRounds "9"]
[EventCountry "USA"]
[SourceTitle "CBM 198"]
[Source "ChessBase"]
[SourceDate "2020.10.31"]
[SourceVersion "1"]
[SourceVersionDate "2020.10.31"]
[SourceQuality "1"]
[WhiteTeam "Malta"]
[BlackTeam "Kosovo"]
[WhiteTeamCountry "MLT"]
[BlackTeamCountry "KOS"]

1. e4 e5 2. Nf3 Nc6 3. d4 exd4 4. Nxd4 d6 5. Nxc6 bxc6 6. Nc3 Nf6 7. Bc4 Be7 8. 0-0 0-0 9. Bf4 h6 10. Qd2 Be6 11. Bb3 Bxb3 12. axb3 Re8 13. Rfe1 Nh5 14. Be3 Nf6 15. Rxa7 Rxa7 16. Bxa7 Qa8 17. Be3 Qa5 18. Rd1 Nd7 19. Qe2 Bf6 20. Bd2 Qc5 21. Be3 Qe5 22. Bd4 Qf4 23. Bxf6 Nxf6 24. f3 d5 25. Re1 dxe4 26. fxe4 Re5 27. Qc4 c5 28. Na4 Ng4 29. Qe2 Qxh2+ 30. Kf1 Qh1# 0-1

[Event "Online Olym Div4 B"]
[Site "Chess.com INT"]
[Date "2020.08.01"]
[Round "4.3"]
[White "Stagno, Milena"]
[Black "Manar, Khalil"]
[Result "0-1"]
[WhiteElo "1486"]
[BlackElo "1793"]
[PlyCount "66"]
[EventDate "2020.07.31"]
[EventType "team-tourn (rapid)"]
[EventRounds "9"]
[EventCountry "USA"]
[SourceTitle "CBM 198"]
[Source "ChessBase"]
[SourceDate "2020.10.31"]
[SourceVersion "1"]
[SourceVersionDate "2020.10.31"]
[SourceQuality "1"]
[WhiteTeam "Malta"]
[BlackTeam "Syria"]
[WhiteTeamCountry "MLT"]
[BlackTeamCountry "SYR"]

1. e4 c5 2. c3 d6 3. d4 cxd4 4. cxd4 g6 5. Nf3 Bg7 6. Nc3 Nf6 7. Be3 0-0 8. Bc4 a6 9. 0-0 b5 10. Bb3 Bb7 11. Bc2 Nc6 12. Qd2 Na5 13. b3 Rc8 14. Rac1 Ng4 15. Bd3 Nc6 16. h3 Nxe3 17. Qxe3 Qb6 18. Ne2 e5 19. d5 Qxe3 20. fxe3 Nb4 21. Bb1 a5 22. a3 Na6 23. Bd3 b4 24. a4 Nc5 25. Bb1 Nxb3 26. Rxc8 Rxc8 27. Ba2 Nc5 28. Nd2 Ba6 29. Re1 Bh6 30. Kf2 Nd3+ 31. Kf1 Nxe1 32. Kxe1 Bxe3 33. Ng3 Rc1# 0-1

[Event "London Classic op U1750 11th"]
[Site "London"]
[Date "2019.12.04"]
[Round "3"]
[White "Goldsmith, Jennifer"]
[Black "Stagno, Milena"]
[Result "1/2-1/2"]
[WhiteElo "1366"]
[BlackElo "1296"]
[PlyCount "53"]
[EventDate "2019.12.02"]
[EventType "swiss"]
[EventRounds "5"]
[EventCountry "ENG"]
[SourceTitle "CBM 195 Extra"]
[Source "ChessBase"]
[SourceDate "2020.05.31"]
[SourceVersion "1"]
[SourceVersionDate "2020.05.31"]
[SourceQuality "1"]

1. d4 d5 2. Nf3 Nf6 3. Bf4 e6 4. Nbd2 c5 5. c3 Nc6 6. h3 b6 7. e3 Bd6 8. Bxd6 Qxd6 9. Bd3 Bb7 10. 0-0 0-0 11. Re1 e5 12. dxe5 Nxe5 13. Bc2 Rfe8 14. Nxe5 Qxe5 15. Nf3 Qd6 16. Qd2 Rad8 17. Rad1 d4 18. cxd4 Bxf3 19. gxf3 cxd4 20. exd4 Rxe1+ 21. Qxe1 Re8 22. Qd2 Qd5 23. Qd3 Qxa2 24. b4 Qd5 25. Bb3 Qg5+ 26. Kh2 Qf4+ 27. Kg2 1/2-1/2

[Event "EU-ch U14 Girls"]
[Site "Bratislava"]
[Date "2019.08.10"]
[Round "9"]
[White "Anika, Rachna Roy"]
[Black "Stagno, Milena"]
[Result "1-0"]
[WhiteElo "1380"]
[BlackElo "1394"]
[PlyCount "62"]
[EventDate "2019.08.02"]
[EventType "swiss"]
[EventRounds "9"]
[EventCountry "SVK"]
[SourceTitle "EXT 2020"]
[Source "ChessBase"]
[SourceDate "2019.10.17"]
[SourceVersion "1"]
[SourceVersionDate "2019.10.17"]
[SourceQuality "1"]

1. d4 d5 2. c4 c6 3. Nc3 Nf6 4. Nf3 e6 5. Bg5 Be7 6. e3 0-0 7. Bd3 Nbd7 8. 0-0 b6 9. Qc2 h6 10. Bh4 Bb7 11. Bg3 c5 12. Nb5 a6 13. Nd6 Bxd6 14. Bxd6 Re8 15. dxc5 bxc5 16. Qb3 dxc4 17. Bxc4 Qb6 18. Qxb6 Nxb6 19. Be2 Rac8 20. Be5 Nbd5 21. Nd2 Nd7 22. Bd6 Red8 23. Rac1 N5f6 24. f3 Nd5 25. Kf2 Rc6 26. Bg3 N7b6 27. Nb3 Nd7 28. e4 N7f6 29. exd5 Nxd5 30. Rfd1 Rcc8 31. Nxc5 Rb8 1-0

[Event "EU-ch U14 Girls"]
[Site "Bratislava"]
[Date "2019.08.03"]
[Round "2"]
[White "Marthinussen, Emma Viktoria Lia"]
[Black "Stagno, Milena"]
[Result "1-0"]
[WhiteElo "1628"]
[BlackElo "1394"]
[PlyCount "55"]
[EventDate "2019.08.02"]
[EventType "swiss"]
[EventRounds "9"]
[EventCountry "SVK"]
[SourceTitle "EXT 2020"]
[Source "ChessBase"]
[SourceDate "2019.10.17"]
[SourceVersion "1"]
[SourceVersionDate "2019.10.17"]
[SourceQuality "1"]

1. e4 c5 2. Nf3 Nc6 3. d4 cxd4 4. Nxd4 g6 5. Nc3 Bg7 6. Be3 Nf6 7. Bc4 0-0 8. Bb3 e6 9. Qd2 Re8 10. f3 d5 11. 0-0-0 a6 12. h4 Qd6 13. Nxc6 bxc6 14. e5 Qxe5 15. Bf4 Qf5 16. g4 Nxg4 17. fxg4 Qxg4 18. Rdg1 Qf5 19. Rg5 Bxc3 20. bxc3 Qf6 21. Be5 Qe7 22. Qf4 f5 23. h5 Qa3+ 24. Kb1 Kf7 25. hxg6+ hxg6 26. Rh7+ Kf8 27. Rxf5+ Kg8 28. Rh8# 1-0

[Event "EU-ch U14 Girls"]
[Site "Bratislava"]
[Date "2019.08.02"]
[Round "1"]
[White "Stagno, Milena"]
[Black "Sosovickova, Jana"]
[Result "0-1"]
[WhiteElo "1394"]
[BlackElo "1801"]
[PlyCount "108"]
[EventDate "2019.08.02"]
[EventType "swiss"]
[EventRounds "9"]
[EventCountry "SVK"]
[SourceTitle "EXT 2020"]
[Source "ChessBase"]
[SourceDate "2019.10.17"]
[SourceVersion "1"]
[SourceVersionDate "2019.10.17"]
[SourceQuality "1"]

1. e4 e5 2. Nf3 Nc6 3. d4 exd4 4. Nxd4 Qh4 5. Nb5 Qxe4+ 6. Qe2 Qxe2+ 7. Bxe2 Kd8 8. Bf4 d6 9. Nd2 a6 10. Nc3 Bf5 11. Nde4 Be7 12. 0-0-0 Nf6 13. Ng5 Bg6 14. Bc4 Rf8 15. a3 h6 16. Nf3 Ne4 17. Nxe4 Bxe4 18. Bd5 Bxd5 19. Rxd5 Kd7 20. Rdd1 Rad8 21. Rhe1 Bf6 22. h3 Rfe8 23. c3 Re7 24. Rxe7+ Nxe7 25. Kc2 Ng6 26. Bg3 Re8 27. Re1 Be5 28. b3 Bxg3 29. fxg3 Ne5 30. Nd4 g6 31. Kd2 c5 32. Nc2 d5 33. Rf1 Re6 34. Re1 Kd6 35. Rf1 f6 36. Re1 b5 37. Rf1 Nc6 38. Re1 Rxe1 39. Kxe1 Ke5 40. Kd2 d4 41. cxd4+ Nxd4 42. Nxd4 Kxd4 43. g4 a5 44. g3 c4 45. bxc4 Kxc4 46. Kc2 a4 47. h4 g5 48. h5 b4 49. axb4 Kxb4 50. Kb2 a3+ 51. Ka2 Ka4 52. Ka1 Kb3 53. Kb1 Kc3 54. Ka2 Kd3 0-1

[Event "Olympiad Women-43"]
[Site "Batumi"]
[Date "2018.09.28"]
[Round "5.39"]
[White "Fridthjofsdottir, Sigurlaug Regina"]
[Black "Stagno, Milena"]
[Result "1-0"]
[WhiteElo "1724"]
[BlackElo "1388"]
[PlyCount "69"]
[EventDate "2018.09.24"]
[EventType "team-swiss"]
[EventRounds "11"]
[EventCountry "GEO"]
[SourceTitle "EXT 2020"]
[Source "ChessBase"]
[SourceDate "2019.10.17"]
[SourceVersion "1"]
[SourceVersionDate "2019.10.17"]
[SourceQuality "1"]
[WhiteTeam "Iceland (W)"]
[BlackTeam "Malta (W)"]
[WhiteTeamCountry "ISL"]
[BlackTeamCountry "MLT"]

1. e4 c5 2. Nc3 Nc6 3. f4 g6 4. Nf3 Bg7 5. Bc4 Nf6 6. d3 0-0 7. 0-0 d6 8. Qe1 Nd7 9. a3 a6 10. Qh4 Re8 11. Bxf7+ Kxf7 12. Ng5+ Kf8 13. Ne6+ Kg8 14. Nxd8 Rxd8 15. Nd5 Nf6 16. Nb6 Rb8 17. Nxc8 Rbxc8 18. c3 b5 19. Be3 Rf8 20. Rad1 a5 21. f5 Ne5 22. fxg6 Nxg6 23. Qh3 c4 24. Bh6 Bxh6 25. Qxh6 cxd3 26. Rxd3 Nxe4 27. Rdf3 Nd2 28. Rxf8+ Nxf8 29. Qxd2 Ng6 30. Qd5+ Kg7 31. Qxb5 Rc5 32. Qe8 Re5 33. Qf7+ Kh6 34. Qf3 Nh4 35. Qf4+ 1-0

[Event "EU-ch U12 Girls 27th"]
[Site "Mamaia"]
[Date "2017.09.08"]
[Round "4"]
[White "Stagno, Milena"]
[Black "Almog, Shani"]
[Result "0-1"]
[WhiteElo "1237"]
[BlackElo "1230"]
[PlyCount "84"]
[EventDate "2017.09.05"]
[EventType "swiss"]
[EventRounds "9"]
[EventCountry "ROU"]
[SourceTitle "CBM 180 Extra"]
[Source "ChessBase"]
[SourceDate "2017.10.06"]
[SourceVersion "1"]
[SourceVersionDate "2017.10.06"]
[SourceQuality "1"]

1. e4 e6 2. d4 d5 3. exd5 exd5 4. Nf3 Bd6 5. Nc3 Ne7 6. Be2 Bf5 7. 0-0 Nbc6 8. Be3 Qd7 9. Qd2 0-0-0 10. Bb5 f6 11. Bf4 g5 12. Bxd6 Qxd6 13. Rfe1 h5 14. a4 h4 15. h3 g4 16. hxg4 Bxg4 17. Nh2 Bf5 18. a5 h3 19. g3 Bd7 20. Bxc6 Bxc6 21. Na4 f5 22. b4 Rdf8 23. f4 Rfg8 24. Nf1 Ng6 25. Kh2 Nh4 26. Qc3 Ng2 27. Re5 Rf8 28. Qb3 Bb5 29. Nc3 Bc4 30. Qa4 a6 31. b5 axb5 32. Nxb5 Qa6 33. Nc3 Bxf1 34. Nxd5 Be2 35. Re7 Bb5 36. Qb4 Kb8 37. Nxc7 Qc6 38. Qxb5 Qxb5 39. Nxb5 Re8 40. Rxe8+ Rxe8 41. Kxh3 Ne3 42. a6 Rh8# 0-1